000 00876nam0a22002291 4500
001 rc\286360
005 20250621021302.0
035 _a(NLR Aleph) 005518157
090 _a5479142
_c5479142
100 _a20030307d1990 |||y0rusy50 ca
101 0 _arus
102 _aRU
105 _aa |||||||||
200 1 _aРасчет точности линейных и нелинейных систем автоматического управления при случайных воздействиях
_eУчеб. пособие
_e(Для студентов спец. 21.01 и 21.07)
_fМоск. лесотехн. ин-т
210 _aМ.
_cМЛТИ
_d1990
215 _a67 с.
_cил.
_d20
700 1 _aГузенко
_bА.И.
_gАнатолий Игнатьевич
801 0 _aRU
_bNLR
_gpsbo
801 1 _aRU
_bELAR
_2rusmarc
852 _aNLR
_j91-4/5609
942 _cBOOK
980 _aNB